| 000 | 00448nam a22001337a 4500 | ||
|---|---|---|---|
| 020 | _a9780781793872 | ||
| 082 |
_a616.89 _bSAD |
||
| 100 |
_aSadock, Benjamin J.; Sadock, Virginia A _9114143 |
||
| 245 |
_aKaplan and Sadock's Concise Textbook of Child and Adolescent Psychiatry / _cBenjamin J. Sadock; Virginia A Sadock |
||
| 260 |
_aPhiladelphia : _bWolters Kluwer, _c2009. |
||
| 300 |
_a236 p. ; _bill, _c28 cm. |
||
| 563 | _aPBK. | ||
| 942 |
_2ddc _cBK |
||
| 999 |
_c595537 _d595537 |
||